[Event "Nordic-ch U13"]
[Site "Fredericia"]
[Date "2020.02.15"]
[Round "5"]
[White "Nordquelle, Amelia"]
[Black "Koota, Ilkka"]
[Result "0-1"]
[WhiteElo "1768"]
[BlackElo "1798"]
[PlyCount "56"]
[EventDate "2020.02.14"]
[EventType "swiss"]
[EventRounds "6"]
[EventCountry "DEN"]
[SourceTitle "EXT 2021"]
[Source "ChessBase"]
[SourceDate "2020.10.23"]
[SourceVersion "1"]
[SourceVersionDate "2020.10.23"]
[SourceQuality "1"]

1. d4 d5 2. c4 e6 3. Nc3 c5 4. cxd5 exd5 5. Nf3 Nc6 6. e3 Nf6 7. a3 Be7 8. dxc5 Bxc5 9. b4 Bb6 10. Bb5 0-0 11. 0-0 Bg4 12. h3 Bh5 13. Na4 Ne4 14. Bb2 Bc7 15. g4 Bg6 16. Rc1 Ng5 17. Nxg5 Qxg5 18. Bxc6 bxc6 19. Rxc6 Rac8 20. f4 Qh4 21. Qxd5 Qg3+ 22. Kh1 Qxh3+ 23. Kg1 Qxe3+ 24. Rf2 Be4 25. Qg5 Qe1+ 26. Kh2 Qxf2+ 27. Kh3 Qg2+ 28. Kh4 Qh2# 0-1

[Event "Nordic-ch U20"]
[Site "Borgarnes"]
[Date "2019.02.16"]
[Round "4"]
[White "Kvaloy, Aksel Bu"]
[Black "Koota, Ilkka"]
[Result "1-0"]
[WhiteElo "2066"]
[BlackElo "1514"]
[PlyCount "61"]
[EventDate "2019.02.14"]
[EventType "swiss"]
[EventRounds "6"]
[EventCountry "ISL"]
[SourceTitle "CBM 189 Extra"]
[Source "ChessBase"]
[SourceDate "2019.06.03"]
[SourceVersion "1"]
[SourceVersionDate "2019.06.03"]
[SourceQuality "1"]

1. e4 e5 2. Nf3 Nc6 3. d4 exd4 4. Nxd4 Bc5 5. Be3 Qf6 6. c3 Nge7 7. Bb5 a6 8. Ba4 Ba7 9. 0-0 b5 10. Bc2 Bb7 11. Nxc6 Qxc6 12. Bxa7 Rxa7 13. Qd4 Ra8 14. Qxg7 Rg8 15. Qe5 d6 16. Qh5 Ng6 17. f4 Qc5+ 18. Qxc5 dxc5 19. Nd2 c4 20. g3 Rd8 21. Rad1 h5 22. Kf2 h4 23. Nf3 hxg3+ 24. hxg3 Nf8 25. Rxd8+ Kxd8 26. Rh1 Ke7 27. Nd4 Nd7 28. a4 c5 29. Nf5+ Ke6 30. Rd1 Rc8 31. Rd6# 1-0

[Event "EU-ch U10 28th"]
[Site "Riga"]
[Date "2018.08.20"]
[Round "1"]
[White "Razygraev, Mikhail"]
[Black "Koota, Ilkka"]
[Result "0-1"]
[WhiteElo "1136"]
[BlackElo "1627"]
[PlyCount "66"]
[EventDate "2018.08.20"]
[EventType "swiss"]
[EventRounds "9"]
[EventCountry "LAT"]
[SourceTitle "CBM 186 Extra"]
[Source "ChessBase"]
[SourceDate "2018.08.24"]
[SourceVersion "1"]
[SourceVersionDate "2018.08.24"]
[SourceQuality "1"]

1. e4 e5 2. Nf3 Nc6 3. Nc3 Nf6 4. Bb5 Bb4 5. 0-0 0-0 6. d3 Bxc3 7. bxc3 d6 8. Bg5 h6 9. Bh4 Bd7 10. Re1 Re8 11. d4 Nb8 12. Bc4 Bg4 13. d5 Nbd7 14. a4 a6 15. Qd2 Nc5 16. Bd3 Bh5 17. Re2 Bg6 18. Qd1 Ncd7 19. Kh1 Qc8 20. Qd2 Nh7 21. Ree1 Nc5 22. h3 f5 23. exf5 Bxf5 24. Bxf5 Qxf5 25. c4 a5 26. Reb1 b6 27. Bg3 Nf8 28. Re1 Ng6 29. Nh2 Nf8 30. Re3 Nh7 31. Rf3 Qd7 32. Rfa3 Ng5 33. f3 Qf5 0-1

[Event "Naantali Avoin op"]
[Site "Naantali"]
[Date "2017.07.07"]
[Round "7"]
[White "Asikainen, Eeli"]
[Black "Koota, Ilkka"]
[Result "0-1"]
[WhiteElo "1315"]
[BlackElo "1491"]
[PlyCount "88"]
[EventDate "2017.07.03"]
[EventType "swiss"]
[EventRounds "7"]
[EventCountry "FIN"]
[SourceTitle "EXT 2018"]
[Source "ChessBase"]
[SourceDate "2017.10.13"]
[SourceVersion "1"]
[SourceVersionDate "2017.10.13"]
[SourceQuality "1"]

1. d4 d5 2. c4 c6 3. Nf3 Nf6 4. Bf4 Bf5 5. Nc3 e6 6. a3 Qb6 7. b4 dxc4 8. e3 Nd5 9. Na4 Qd8 10. Be2 Nxf4 11. exf4 Bd6 12. Nc5 b5 13. Nb7 Qc7 14. Nxd6+ Qxd6 15. Qc1 a5 16. 0-0 0-0 17. Qd2 Nd7 18. bxa5 Nf6 19. Ne5 c5 20. Rfd1 Rfd8 21. Bf3 Rac8 22. a4 b4 23. Nxc4 Qxd4 24. Qxd4 cxd4 25. Nb6 Rc5 26. a6 Ra5 27. Bb7 Be4 28. Bc8 Ne8 29. h3 Nc7 30. Rdc1 Nxa6 31. Rc4 d3 32. Rcc1 b3 33. Bxa6 Rxa6 34. Nc4 Rc6 35. Nd2 b2 36. Rcb1 bxa1Q 37. Rxa1 Bg6 38. a5 Rdc8 39. Nb3 d2 40. Rd1 Rc1 41. Rxc1 Rxc1+ 42. Nxc1 dxc1Q+ 43. Kh2 Qxf4+ 44. g3 Qxf2+ 0-1

[Event "Naantali Avoin op"]
[Site "Naantali"]
[Date "2017.07.04"]
[Round "2"]
[White "Koota, Ilkka"]
[Black "Haanila, Erkki"]
[Result "1/2-1/2"]
[WhiteElo "1491"]
[BlackElo "1898"]
[PlyCount "68"]
[EventDate "2017.07.03"]
[EventType "swiss"]
[EventRounds "7"]
[EventCountry "FIN"]
[SourceTitle "EXT 2018"]
[Source "ChessBase"]
[SourceDate "2017.10.13"]
[SourceVersion "1"]
[SourceVersionDate "2017.10.13"]
[SourceQuality "1"]

1. d4 d5 2. Bf4 Nf6 3. e3 Nbd7 4. c4 e6 5. Nc3 c6 6. Bd3 Qa5 7. Nge2 dxc4 8. Bxc4 Nd5 9. Bg3 N7f6 10. 0-0 Qb4 11. Qb3 a5 12. a4 Be7 13. Na2 Qb6 14. Nec3 Nb4 15. Nc1 0-0 16. Nd3 Bd7 17. Ne5 Be8 18. Bxe6 Qd8 19. Bc4 Nh5 20. Ne2 Nxg3 21. Nxg3 Rb8 22. Nf5 Bf6 23. f4 g6 24. Nxf7 Bxf7 25. Bxf7+ Kh8 26. Nh6 Kg7 27. g4 Kxh6 28. g5+ Bxg5 29. fxg5+ Qxg5+ 30. Kh1 Nd5 31. Rg1 Qf5 32. Bxd5 Qxd5+ 33. Qxd5 cxd5 34. Rac1 Rbc8 1/2-1/2